| 000 | 01334nam a2200289 a 4500 | ||
|---|---|---|---|
| 003 | DO-SdBNP | ||
| 005 | 20240304145220.0 | ||
| 006 | a||||gr|||| 00| 0 | ||
| 007 | ta | ||
| 008 | 190722s2010 d 000 spa d | ||
| 040 |
_aDO-SdBNP _dspa _eBNPHU _cspa |
||
| 082 | 4 |
_222 _bL789e _a370.97293 |
|
| 100 |
_aLizardo, Jefrey _932047 |
||
| 245 | 0 |
_aEvaluación de costos de la educación básica en la República Dominicana : _binsumos para una canasta de costos mínimos para una educación de calidad. / _cJefrey Lizardo; presentación de Aida Consuelo Hernández Bonnelly |
|
| 264 |
_aSanto Domingo : _bPREAL, _c2010 |
||
| 300 |
_a56 páginas ; _bIlustraciones, gráficas _c27 cm |
||
| 336 |
_2rdacotne` _atexto _btxt |
||
| 337 |
_2rdamedia _asin medición _bn |
||
| 338 |
_2rdacarrier _avolumen _bnc |
||
| 500 | _aProyecto EDUCA/FLACSO/ PUCMM-CIEDHUMANO. Programa de Promoción de la Reforma Educativa en América Latina (PREAL). | ||
| 590 | _aInventariado 2023 / MF | ||
| 700 | 2 |
_969166 _aHernández Bonnelly, Aida Consuelo _epresentación |
|
| 710 | 2 |
_aPrograma de Promoción de la Reforma Educativa en América Latina y el Caribe _963808 |
|
| 710 | 2 |
_982994 _aAcción para la Educación Básica (EDUCA), _bRepública Dominicana |
|
| 710 | 2 |
_aFLACSO (Organización). _bPrograma República Dominicana _971393 |
|
| 942 |
_2ddc _cLBS1 |
||
| 999 |
_c48613 _d48613 |
||